Ľudská duša a mimo ľudský intelekt
Plotinove traktáky a možnosti preskúmania seba-danosti v prípade duše a intelektu. Formy poznania seba, myslenia seba či vedomia seba. Sebapoznanie ako najvyššie poznanie na úrovni duše alebo intelektu.
Salvato in:
| Autore principale: | |
|---|---|
| Natura: | Capitolo di libro |
| Lingua: | slovacco |
| Soggetti: | |
| Tags: |
Nessun Tag, puoi essere il primo ad aggiungerne!!
|
MARC
| LEADER | 00000naa a2200000 4500 | ||
|---|---|---|---|
| 001 | 0193051 | ||
| 005 | 20231211125705.7 | ||
| 041 | 0 | |a slo | |
| 044 | |a SK | ||
| 245 | 1 | 0 | |a Ľudská duša a mimo ľudský intelekt |c Róbert Karul |
| 520 | |a Plotinove traktáky a možnosti preskúmania seba-danosti v prípade duše a intelektu. Formy poznania seba, myslenia seba či vedomia seba. Sebapoznanie ako najvyššie poznanie na úrovni duše alebo intelektu. | ||
| 610 | 2 | 0 | |a filozofia |
| 610 | 2 | 0 | |a smery filozofické |
| 610 | 2 | 0 | |a kategórie filozofické |
| 610 | 2 | 0 | |a metódy poznania |
| 610 | 2 | 0 | |a vedomie spoločenské |
| 610 | 2 | 0 | |a inteligencia |
| 610 | 2 | 0 | |a sebapoznanie |
| 100 | 1 | |a Karul, Róbert | |